| 000 | 00546cam a2200157 4500500 | ||
|---|---|---|---|
| 005 | 20251012025801.0 | ||
| 041 | _afre | ||
| 042 | _adc | ||
| 100 | 1 | 0 |
_aLewandowski, Cédric _eauthor |
| 700 | 1 | 0 |
_a Roux de Bézieux, Geoffroy _eauthor |
| 245 | 0 | 0 | _aL’action de la DGSI en matière de sécurité économique |
| 260 | _c2025. | ||
| 500 | _a22 | ||
| 786 | 0 | _nSécurité et stratégie | 38 | 1 | 2025-07-16 | p. 10-12 | 2101-4736 | |
| 856 | 4 | 1 | _uhttps://shs.cairn.info/revue-securite-et-strategie-2025-1-page-10?lang=fr&redirect-ssocas=7080 |
| 999 |
_c1545085 _d1545085 |
||